Toutes les communes du canton de Saint-Hilaire-de-Riez (85) - Statistiques

Statistiques générales
  • Ce quiz a été pris 19 fois
  • Le résultat moyen est 8 sur 13
Réponses sur la Carte
Les réponses sont colorées sur une échelle allant du rouge au vert en fonction du pourcentage des utilisateurs qui les ont devinées à leur premier essai. Vous pouvez retrouver ces pourcentages ci-dessous.
 
Statistiques - réponses
Commune % Correct
Saint-Hilaire-de-Riez
100%
Saint-Gilles-Croix-de-Vie
88%
Brem-sur-Mer
75%
Le Fenouiller
75%
Bretignolles-sur-Mer
63%
Coëx
63%
Commequiers
63%
La Chaize-Giraud
63%
Givrand
50%
L'Aiguillon-sur-Vie
50%
Landevieille
50%
Saint-Maixent-sur-Vie
50%
Saint-Révérend
50%
Aucun quiz correspondant
Distribution des résultats
% des personnes avec chaque résultat
Percentile par nombre de réponses
Votre historique - résultats
Vous n’avez pas pris ce quiz